000 00311nam a2200097Ia 4500
082 _a423.1 DONA
245 0 _aI'm leaving you, Simon - you disgust me : a dictionary of received ideas
100 _a DONALDSON, William London, 2003
_995958
942 _cBK
008 210817s9999 xx 000 0 und d
999 _c401214
_d401213